Normal görünüm
MARC görünümü
Giriş Topical Term
001 - CONTROL NUMBER
- control field: 1155
003 - CONTROL NUMBER IDENTIFIER
- control field: TR-AnYHT
005 - DATE AND TIME OF LATEST TRANSACTION
- control field: 20241002175937.0
008 - FIXED-LENGTH DATA ELEMENTS
- fixed length control field: 241002|| aca||aabn | a|a d
040 ## - CATALOGING SOURCE
- Original cataloging agency: TR-AnYHT
- Transcribing agency: TR-AnYHT
150 ## - HEADING--TOPICAL TERM
- Topical term or geographic name entry element: Din, İslam, İbadetler
670 ## - SOURCE DATA FOUND
- Source citation: Koha: (TR-AnYHT)4440: Güleç, İsmail 1154, Kutsal topraklardan on beş gün /, 2021.
